|
|
|
|
| LEADER |
00000nam0a2200000 4500 |
| 001 |
308371 |
| 005 |
20241112063152.0 |
| 010 |
|
|
|a 5270003376
|
| 035 |
|
|
|a (RuTPU)RU\TPU\book\333681
|
| 090 |
|
|
|a 308371
|
| 100 |
|
|
|a 20151030d1989 m y0rusy50 ca
|
| 101 |
0 |
|
|a rus
|
| 102 |
|
|
|a RU
|
| 105 |
|
|
|a c z 001eb
|
| 200 |
1 |
|
|a Письма. Жизнеописание в документах
|f М. А. Булгаков
|g авт. предисл. В. В. Петелин
|
| 210 |
|
|
|a Москва
|c Современник
|d 1989
|
| 215 |
|
|
|a 576 с.
|c портр.
|
| 320 |
|
|
|a Вступительная статья: с. 5-28
|
| 320 |
|
|
|a Указатель имен: с. 557
|
| 600 |
|
1 |
|a Булгаков
|b М. А.
|c русский писатель
|f 1891-1940
|g Михаил Афанасьевич
|2 stltpush
|3 (RuTPU)RU\TPU\pers\984
|9 436
|
| 606 |
1 |
|
|a Русская литература современная
|2 stltpush
|3 (RuTPU)RU\TPU\subj\26373
|9 50316
|
| 610 |
1 |
|
|a письма
|
| 610 |
1 |
|
|a русская литература
|
| 610 |
1 |
|
|a русские писатели
|
| 610 |
1 |
|
|a жизнеописание
|
| 610 |
1 |
|
|a 20 век
|
| 675 |
|
|
|a Р2
|v 4
|
| 700 |
|
1 |
|a Булгаков
|b М. А.
|c русский писатель
|f 1891-1940
|g Михаил Афанасьевич
|2 stltpush
|3 (RuTPU)RU\TPU\pers\984
|4 070
|9 436
|
| 702 |
|
1 |
|a Петелин
|b В. В.
|4 080
|
| 801 |
|
1 |
|a RU
|b 63413507
|c 20151030
|
| 801 |
|
2 |
|a RU
|b 63413507
|c 20210414
|g RCR
|
| 942 |
|
|
|c BK
|